000 01073nam0a22002411i 4500
001 rc\1068889
005 20240723215329.0
035 _a(NLR Aleph) 006229045
090 _a6551935
_c6551935
100 _a20041129d1980 u |0rusy50 ca
101 0 _arus
102 _aRU
105 _aa |||||||||
200 1 _aСовершенствование планирования использования основных производственных фондов
_e(На прим. произв. об-ний и предприятий машиностроения)
_eАвтореф. дис. на соиск. учен. степ. канд. экон. наук
_e(08.00.05)
210 _aЛ.
_d1980
215 _a21 с.
_cсхем.
300 _aВ надзаг.: Ленингр. фин.-экон. ин-т им. Н.А. Вознесенского
320 _aБиблиогр.: с. 20-21 (8 назв.)
700 1 _aСигиневич
_bК.В.
_gКлавдия Васильевна
801 0 _aRU
_bNLR
_gpsbo
801 1 _aRU
_bELAR
_2rusmarc
852 _aNLR
_j81-4/3677
942 _cBOOK